00937nam a2200265 a 450000100060000000300080000600500170001400800390003102000220007002000220009203500190011404000270013304100080016008200240016810000290019224501270022126000540034830000250040250400200042765000290044770000290047694200120050599900170051795201370053417358BD-RjUL20211209000127.0140216s1983 nju 001 0 eng a0136935230 (pbk.) a0136935311 (hard) a(BD-RjUL)17416 aDLCcDLCdBD-RjULbeng aeng00a659.2219bBLP 19831 aBlack, Samd1915-95349510aPractical public relations :bcommon-sense guidelines for business and professional people /cSam Black, Melvin L. Sharpe. aEnglewood Cliffs ; N.J. :bPrentice Hall,cc1983. aix, 214 p. ;c23 cm. aIncludes index. 0aPublic relations.9534961 aSharpe, Melvin L.953497 2ddccBK c17358d17358 00102ddc40718NFICaRUCLbRUCLcReadingd1993-11-24eAsia foundationl0o659.2 BLP 1983r2014-02-16 00:00:00tC-1w2014-02-16yBK